000 00426nam a2200169Ia 4500
003 GCL
008 140319s9999 xx 000 0 eng d
040 _aGCL /
_cGCL
082 0 4 _a745.5
_bM M
100 1 _aMAYNARD, BARBARA
245 1 0 _aMODERN BASKETRY TECHNIQUES /
_cMAYNARD, BARBARA
260 _a[S.N] :
_bB.T.BATSFORD LTD ،
_c1989
300 _a192 P
650 0 4 _aBASKETRY
650 0 4 _aHANDWORKS
942 _2ddc
_cBK
999 _c21099
_d21099